Responses for Show #1480 - Friday, January 25, 1991

Lynne Wexler game 3.

Contestants

[<< previous game]

Harry Bork, a library director from Antioch, Illinois

Mark Picus, a college instructor from Houston, Texas

Lynne Wexler, a librarian from Evanston, Illinois (whose 2-day cash winnings total $22,851)

[next game >>]

Jeopardy! Round responses

RIVERS
3-LETTER WORDS
BOTTOMS UP!
SCIENCE
MAGAZINES
JOHNNY MERCER LYRICS
    $100 13
Hudson

Mark
    $100 7
Nun

Lynne
    $100 12
Vermouth

Mark
    $100 17
Spectrum

Harry
    $100 6
Computers

Lynne
    $100 1
"Moon River"

Lynne
    $200 14
Seine

Harry
    $200 8
Cup

Lynne
    $200 23
Spumante

Lynne
    $200 24
Organic Chemistry

Harry
    $200 18
Pharmacists

Harry
    $200 2
"Goody Goody"

Harry
    $300 15
Wabash

Mark
    $300 9
Ant

Harry
    $300 28
50%

Mark
    $300 25
Prime Meridian

Mark
    $300 19
Boy Scouts

Harry
    $300 3
"Ac-Cent-Tchu-Ate the Positive"

Harry
    $400 16
Yangtze

Lynne
    $400 10
Mob

Lynne
    $400 29
Long Island Ice Tea

Mark
    $400 26
Ursa Major

Mark
    $400 20
"Oui!"

Triple Stumper
    $500 4
[Mills Brothers classic]

"Glow-Worm"

Harry
    $500 22
Styx

Harry
    $500 11
Eke

Lynne
    $500 30
(Alex: That's the kind of question that somebody would call up a library and ask about, isn't it?)

Mimosa

Harry
    $500 27
Pitchblende

Triple Stumper
    $500 21
"Soldier of Fortune"

Triple Stumper
    $500 5
"The Blues in the Night"

Triple Stumper

Scores at the first commercial break (after clue 16):

Lynne Mark Harry
$1,800 $500 $1,500

Scores at the end of the Jeopardy! Round:

Lynne Mark Harry
$2,000 $1,900 $3,300

Double Jeopardy! Round responses

WORLD HISTORY
BOOKS & AUTHORS
TEXTILES
FIRST LADIES
MATH
MEDICAL SPECIALTIES
    $200 13
Cromwell

Lynne
    $200 2
Rod Serling

Lynne
    $200 18
Shrinkage

Lynne
    $200 6
Barbara Bush

Lynne
    $200 1
Right Angle

Lynne
    $200 8
Orthodontist

Lynne
    $400 14
Turkey

Mark
    $400 3
Stephen King

Lynne
    $400 19
(M: What is New Zealand?)

Australia

Mark
Triple Stumper
    $400 22
Mamie Eisenhower

Harry
    $400 27
Multiplication

Mark
    $400 9
Anesthesiologist

Lynne
    $600 15
Lusitania

Harry
    $600 4
Salvador Allende

Lynne
    $600 20
Linen

Mark
    $600 23
Abigail

Lynne
    $600 28
Congruent

Mark
    $600 10
Neurologist

Lynne
    $2,000 16
Haiti

Harry
    $800 5
"The Anderson Tapes"

Harry
    $800 21
Weave

Harry
    $1,000 24
Jacqueline Bouvier Kennedy Onassis

Lynne
    $800 29
Infinity

Harry
    $800 11
Dermatologist

Lynne
    $1000 17
Agincourt

Lynne
    $1000 7
Jeffrey Archer

Triple Stumper
    $1000 25
Spinning Jenny

Lynne
    $1000 26
Mary Todd Lincoln

Harry
    $1000 30
12

Lynne
    $1000 12
Ear, Nose & Throat

Mark

Scores at the end of the Double Jeopardy! Round:

Lynne Mark Harry
$10,600 $4,500 $9,700

[wagering suggestions for these scores]

Final Jeopardy! Round responses

MONARCHS
MarkWho was Edward VII?
$2,500
HarryWho was George VI?
$9,600
LynneWho was Edward VIII?
$10,000
Edward V or Edward VIII

Final scores:

Lynne Mark Harry
$20,600 $2,000 $100
3-day champion: $43,451 2nd place: a trip to San Francisco 3rd place: Magnavox 20" stereo color TV

Game dynamics:

Coryat scores:

Lynne Mark Harry
$10,400 $4,500 $8,400
24 R
(including 1 DD),
0 W
12 R,
1 W
18 R
(including 2 DDs),
0 W

Combined Coryat: $23,300

[game clues] [game scores] [suggest correction]

Game tape date: 1990-10-15
The J! Archive is created by fans, for fans. Scraping, republication, monetization, and malicious use prohibited; this site may use cookies and collect identifying information. See terms. The Jeopardy! game show and all elements thereof, including but not limited to copyright and trademark thereto, are the property of Jeopardy Productions, Inc. and are protected under law. This website is not affiliated with, sponsored by, or operated by Jeopardy Productions, Inc. Join the discussion at JBoard.tv.